Detalles MARC
| 000 -CABECERA |
| campo de control de longitud fija |
01257nam a2200253 a 4500 |
| 001 - NÚMERO DE CONTROL |
| campo de control |
000033425 |
| 003 - IDENTIFICADOR DEL NÚMERO DE CONTROL |
| campo de control |
DO-SdBNP |
| 005 - FECHA Y HORA DE LA ÚLTIMA TRANSACCIÓN |
| campo de control |
20240305085225.0 |
| 007 - CAMPO FIJO DE DESCRIPCIÓN FÍSICA--INFORMACIÓN GENERAL |
| campo de control de longitud fija |
ta |
| 008 - DATOS DE LONGITUD FIJA--INFORMACIÓN GENERAL |
| campo de control de longitud fija |
110829s1951 mx 000 0 spa d |
| 040 ## - FUENTE DE LA CATALOGACIÓN |
| Centro catalogador/agencia de origen |
DO-SdBNP |
| Lengua de catalogación |
spa |
| Centro/agencia transcriptor |
BNPHU |
| Centro/agencia modificador |
rda |
| 082 ## - NÚMERO DE LA CLASIFICACIÓN DECIMAL DEWEY |
| Número de documento/Ítem |
B253c |
| 100 1# - ENTRADA PRINCIPAL--NOMBRE DE PERSONA |
| Nombre de persona |
Barinas Coiscou, Sócrates, |
| Fechas asociadas al nombre |
1916-2021 |
| 9 (RLIN) |
24379 |
| 245 10 - MENCIÓN DE TÍTULO |
| Título |
Crisol / |
| Mención de responsabilidad, etc. |
Socrates Barinas Coiscuo ; introducción, D. Moreno Jiménez. |
| 264 ## - PRODUCCIÓN, PUBLICACIÓN, DISTRIBUCIÓN, FABRICACIÓN Y COPYRIGHT |
| Producción, publicación, distribución, fabricación y copyright |
México, D. F. : |
| Nombre del de productor, editor, distribuidor, fabricante |
Didot, |
| Fecha de producción, publicación, distribución, fabricación o copyright |
1951. |
| 300 ## - DESCRIPCIÓN FÍSICA |
| Extensión |
131 páginas ; |
| Dimensiones |
21 cm. |
| 336 ## - TIPO DE CONTENIDO |
| Fuente |
rdaconten |
| Término de tipo de contenido |
texto |
| Código de tipo de contenido |
txt |
| 337 ## - TIPO DE MEDIO |
| Fuente |
rdamedia |
| Nombre/término del tipo de medio |
sin medición |
| Código del tipo de medio |
n |
| 338 ## - TIPO DE SOPORTE |
| Fuente |
rdacarrier |
| Nombre/término del tipo de soporte |
volumen |
| Código del tipo de soporte |
nc |
| 505 ## - NOTA DE CONTENIDO CON FORMATO |
| Nota de contenido con formato |
Introducción |
| Información miscelánea |
Amanecer. |
| Título |
Isla de santo Domingo.-- Final.-- Dejadme solo.-- Pobrecito Burgués.-- Gallera.-- Negra de Santa María.-- Mírala.-- Niña del Sur.-- Con la misma moneda.-- Duarte.-- Bolívar. |
| Información miscelánea |
Del Tema Eterno. |
| Título |
Espejismo.-- Bumerang.-- Ausencia.-- Comprendo que te vas.-- Metamorfosis.-- Encuentro.-- Lejanía.--Resignación.-- Gitana.-- Eternidad.-- Atardecer.-- La última Cita.-- Al pasar.-- Te di mi corazón.-- Paz.-- Madrigal de lo imposible.-- Sonetido.-- Pirata.-- Ya lo he olvidado. |
| 590 ## - NOTA LOCAL (RLIN) |
| Nota local |
Inventariado 2023 / MF |
| 700 1# - PUNTO DE ACCESO ADICIONAL--NOMBRE DE PERSONA |
| Nombre de persona |
Moreno Jiménez, D., |
| Término indicativo de función/relación |
introd. |
| 9 (RLIN) |
58985 |
| 942 ## - ELEMENTOS DE PUNTO DE ACCESO ADICIONAL (KOHA) |
| Fuente del sistema de clasificación o colocación |
Dewey Decimal Classification |
| Tipo de ítem Koha |
Libro |